PR-SOF-2038-Development of Steering and Braking Mechanism for Shell Eco Marathon Autonomous Vehicle (Record no. 587019)

000 -LEADER
fixed length control field 00497nam a22001337a 4500
040 ## - CATALOGING SOURCE
Transcribing agency NUST
082 ## - DEWEY DECIMAL CLASSIFICATION NUMBER
Classification number 220 PRO
100 ## - MAIN ENTRY--PERSONAL NAME
Personal name Ghousia Hafeez Ahsan Ali Daud Abdullah Khan
9 (RLIN) 85577
110 ## - MAIN ENTRY--CORPORATE NAME
Corporate name or jurisdiction name as entry element Project Supervisor Dr. Raja Amir Azim Co-Supervisor Dr. Hasan Aftab Saeed
9 (RLIN) 85578
245 ## - TITLE STATEMENT
Title PR-SOF-2038-Development of Steering and Braking Mechanism for Shell Eco Marathon Autonomous Vehicle
260 ## - PUBLICATION, DISTRIBUTION, ETC.
Place of publication, distribution, etc. ISLAMABAD:
Name of publisher, distributor, etc. NUST COLLEGE OF EME,
Date of publication, distribution, etc. 2021.
650 ## - SUBJECT ADDED ENTRY--TOPICAL TERM
Topical term or geographic name entry element DE-MECH-39
9 (RLIN) 85579
942 ## - ADDED ENTRY ELEMENTS (KOHA)
Source of classification or shelving scheme
Koha item type Project Report
Holdings
Withdrawn status Lost status Source of classification or shelving scheme Damaged status Not for loan Permanent Location Current Location Shelving location Date acquired Total Checkouts Full call number Barcode Date last seen Price effective from Koha item type
          College of Electrical & Mechanical Engineering (CEME) College of Electrical & Mechanical Engineering (CEME) Reference 12/03/2021   220 PRO PR-SOF-2038 12/03/2021 12/03/2021 Reference
© 2023 Central Library, National University of Sciences and Technology. All Rights Reserved.